000 00316nam a22001337a 4500
008 171030b xxu||||| |||| 00| 0 eng d
020 _a9780138596873
041 _aeng
080 _210 ED
_a336
100 _a56
101 _aFIN
245 _aFUNDAMENTALS OF FINANCIAL MANAGEMENT
_cHORNE.J.C
942 _2udc
_cBK
999 _c36368
_d36368